<?xml version="1.0" encoding="UTF-8"?>
<marc:record xmlns:marc="http://www.loc.gov/MARC21/slim">
   <marc:leader>00000nam a2200000 a 4500</marc:leader>
   <marc:datafield ind1="1" ind2=" " tag="100">
      <marc:subfield code="a">Wenzel-Bürger, Eva</marc:subfield>
      <marc:subfield code="4">art</marc:subfield>
      <marc:subfield code="e">Künstler/-in</marc:subfield>
   </marc:datafield>
   <marc:datafield ind1="0" ind2="0" tag="245">
      <marc:subfield code="a">Ene, mene, miste</marc:subfield>
   </marc:datafield>
   <marc:datafield ind1="0" ind2="0" tag="245">
      <marc:subfield code="b">die schönsten Kinderreime und Lieder</marc:subfield>
   </marc:datafield>
   <marc:datafield ind1="0" ind2="0" tag="245">
      <marc:subfield code="c">mit Bildern von Eva Wenzel-Bürger</marc:subfield>
   </marc:datafield>
   <marc:datafield ind1=" " ind2="1" tag="264">
      <marc:subfield code="a">Stuttgart</marc:subfield>
      <marc:subfield code="b">Esslinger</marc:subfield>
   </marc:datafield>
   <marc:datafield ind1="1" ind2=" " tag="520">
      <marc:subfield code="a">Angaben aus der Verlagsmeldung

Ene, mene, miste : Die schönsten Kinderreime und Lieder

Die schönsten Pixi-Bilderbuchklassiker aus den 70ern sind hier vereint!

In diesem Sammelband sind viele Fingerspiele, Kniereiter, Abzählverse und Zungenbrecher aus den Pixi-Ausgaben der 60er- und 70er-Jahre versammelt - mit den bezaubernden Motiven von Eva Wenzel-Bürger, der Originalillustratorin der beliebten Conni-Figur.

Die schönsten Kinderreime und Kinderlieder im Sammelband. Mit diesem nostalgischen Bilderbuch für die ganze Familie können Kinder ab 3 Jahren und auch Erwachsene auf Entdeckungsreise gehen.
</marc:subfield>
   </marc:datafield>
   <marc:datafield ind1=" " ind2=" " tag="020">
      <marc:subfield code="a">9783480236619</marc:subfield>
      <marc:subfield code="9">9783480236619</marc:subfield>
   </marc:datafield>
   <marc:datafield ind1=" " ind2=" " tag="020">
      <marc:subfield code="a">3480236618</marc:subfield>
      <marc:subfield code="9">3480236618</marc:subfield>
   </marc:datafield>
   <marc:datafield ind1=" " ind2=" " tag="041">
      <marc:subfield code="a">ger</marc:subfield>
   </marc:datafield>
   <marc:datafield ind1=" " ind2=" " tag="300">
      <marc:subfield code="a">108 Seiten</marc:subfield>
   </marc:datafield>
</marc:record>
